| 000 | 00545nam a22001457a 4500 | ||
|---|---|---|---|
| 008 | 120105t xxu||||| |||| 00| 0 eng d | ||
| 040 | _aLaw Development Centre | ||
| 082 | _a347.052/LEV | ||
| 100 |
_aA. Leo Levin _95653 |
||
| 245 | _aProblems and materials on Trail Advocacy | ||
| 260 |
_aNew York _bMineola, New York _c1968 by foundation of the American College of Trial Lawyers |
||
| 300 |
_a1-275p.: _bIndex p. 277-279 |
||
| 942 |
_2ddc _cBK |
||
| 999 |
_c4763 _d4763 |
||